| 000 | 01071nam a2200277 i 4500 | ||
|---|---|---|---|
| 001 | 32179 | ||
| 003 | ES-MaACL | ||
| 005 | 20250903092856.0 | ||
| 007 | t| | ||
| 007 | t| | ||
| 008 | 890711s1850 sp c |||| | spa d | ||
| 080 | _a017.1(460.27 M.) Ateneo | ||
| 110 | 2 |
_aAteneo de Madrid. _bBiblioteca _91951 |
|
| 245 | 1 | 0 |
_aCatálogo de las obras existentes en la Biblioteca del Ateneo Científico y Literario [de Madrid] / _c[Ramón de Navarrete, el bibliotecario]. |
| 260 |
_aMadrid : _b[s.n.], _c1850 ( _eMadrid : _fImp. de la Publicidad) |
||
| 300 |
_a68 p. ; _c21 cm. |
||
| 530 | _aDisponible en formato digital. | ||
| 610 | 2 | 4 |
_aAteneo de Madrid. _bBiblioteca- _vCatálogos _91952 |
| 655 | 0 |
_aCatálogos de bibliotecas _9193634 |
|
| 700 | 1 |
_aNavarrete, Ramón de, _d1818-1897 _985042 |
|
| 852 |
_aES-MaACL _jT-1408-F-4 _z.- Anotaciones manuscritas en cub. y contracub. |
||
| 852 |
_aES-MaACL _j2143-F-9 |
||
| 856 |
_uhttp://bdh-rd.bne.es/viewer.vm?id=0000093042&page=1 _zBiblioteca Digital Hispánica |
||
| 942 | _2udc | ||
| 999 |
_c32179 _d32179 |
||